| 000 | 01017nam a22003497a 4500 | ||
|---|---|---|---|
| 001 | BR0202669 | ||
| 003 | BR-BrBNA | ||
| 005 | 20230928101101.0 | ||
| 007 | ta | ||
| 008 | 230509b bl.||||| |||| 00| 0 por d | ||
| 040 |
_aBR-BrBNA _bpor _cBiblioteca Nacional de Agricultura |
||
| 041 | _a(Por) | ||
| 072 |
_aK10 _b8915 |
||
| 090 | _ 8915 BR0202669 | ||
| 100 | 1 | _aSilva, V.P. da | |
| 100 | 1 | _aLimberger, E. | |
| 100 | 1 | _aPinto, A.F. | |
| 100 | 1 | _aMenarim Filho, A. | |
| 110 | 1 | _aEmpresa Paranaense de Assistência Técnica e Extensão Rural, Curitiba, PR (Brasil) | |
| 245 | 1 | _aO planejamento da atividade florestal para a propriedade rural; módulo 1 | |
| 260 | 3 |
_aCuritiba, PR (Brasil): _c2001. |
|
| 300 | _a40 p. | ||
| 500 | _a7 illus.; 7 tables | ||
| 650 | _aMADEIRA SERRADA | ||
| 650 | _aREFLORESTAMENTO | ||
| 650 | _aPROPRIEDADE RURAL | ||
| 650 | _aPLANEJAMENTO FLORESTAL | ||
| 650 | _aCURSO | ||
| 650 | _aLEGISLAÇÃO FLORESTAL | ||
| 909 |
_a202309 _bLucia _c55 _dLucia Elande |
||
| 942 | _cBK | ||
| 999 |
_c64183 _d64183 |
||